000 00622nam a22001457a 4500
999 _c533009
_d533009
008 260410b ||||| |||| 00| 0 eng d
100 _aAggarwal, Suresh Chand
_960060
245 _aLabour and capital use in Indian manufacturing: Structural aspects routledge, India
260 _aThe Indian Journal of Labour Economics
300 _a68(4), Oct-Dec, 2025: p.1509-1512
520 _aTandon, Anjali (2024). J. Labour Econ. 68, 1509–1512 (2025). Reproduced https://link.springer.com/article/10.1007/s41027-025-00585-x
773 _aThe Indian Journal of Labour Economics
906 _aBOOK REVIEW
942 _cAR